000 00302nam a22001337a 4500
008 170612b xxu||||| |||| 00| 0 eng d
020 _a9780871138897
041 _aeng
080 _a94
100 _a17
101 _aSHH
245 _a1942 THE YEAR THAT TRIED MEN'S SOULS
_cGROOM,W
942 _2udc
_cBK
999 _c16871
_d16871